Úvěry a spotřeba domácností
Vývoj úverov poskytovaných domácnostiam v ČR a porovnanie s vývojom v zahraničí. Vývoj nákladov spojených s čerpaním úverov popskytovaných domácnostiam. Vplyv menovej politiky na náklady spojené s čerpaním úverov. Popis vybraného modelu spotreby a charakteristika použitých premenných. Výsledky odhad...
Guardado en:
| Autor principal: | |
|---|---|
| Otros Autores: | |
| Formato: | Capítulo de libro |
| Lenguaje: | checo |
| Materias: | |
| Etiquetas: |
Sin Etiquetas, Sea el primero en etiquetar este registro!
|
MARC
| LEADER | 00000naa$a2200000$$$4500 | ||
|---|---|---|---|
| 001 | 0026130 | ||
| 005 | 20231010100018.7 | ||
| 041 | 0 | |a cze | |
| 044 | |a CZ | ||
| 245 | 1 | 0 | |a Úvěry a spotřeba domácností |c Renata Pašaličová, Vladimír Stiller |
| 520 | |a Vývoj úverov poskytovaných domácnostiam v ČR a porovnanie s vývojom v zahraničí. Vývoj nákladov spojených s čerpaním úverov popskytovaných domácnostiam. Vplyv menovej politiky na náklady spojené s čerpaním úverov. Popis vybraného modelu spotreby a charakteristika použitých premenných. Výsledky odhadovaného modelu spotreby. | ||
| 610 | 2 | 0 | |a úver |
| 610 | 2 | 0 | |a spotreba domácností |
| 610 | 2 | 0 | |a Česko |
| 610 | 2 | 0 | |a zadlženosť |
| 610 | 2 | 0 | |a domácnosti |
| 610 | 2 | 0 | |a náklady |
| 610 | 2 | 0 | |a politika menová |
| 610 | 2 | 0 | |a porovnanie medzinárodné |
| 610 | 2 | 0 | |a sadzby úrokové |
| 610 | 2 | 0 | |a marža úroková |
| 610 | 2 | 0 | |a príjmy |
| 610 | 2 | 0 | |a modely spotreby |
| 100 | 1 | |a Pašaličová, Renata | |
| 700 | 1 | |a Stiller, Vladimír | |